00642nam a2200217Ia 450000500170000000800410001702000180005804000180007604100080009408200210010210000250012324500720014825000120022026000340023230000320026665000260029865000290032465000310035365000220038470000180040620230520095157.0210716s2007 xx 000 0 und d a9789332575776 cAIMIT LIBRARY aeng a005.42 24bTANA aTanenbaum, Andrew S. aModern operating systems /cBy Andrew S. Tanenbaum and Herbert Bos. a4th ed. aNew Delhi :bPearson ,c2007. axxvi,1101 p.;bPBc23.7 cm. aProcesses and threads aComputer hardware review aInterprocess communication amemory management aBos, Herbert.